000 00432nam a22001217a 4500
005 20260629133329.0
100 _aFahad Hussain Zardari
_a21-MPE-06
_aSupervisor - Dr. Ghullam Sarwar Kaloi
_91036
245 _aDynamic Modeling and Improved Control of PMSG Based Wind Generation System Turbine (Thesis ME)
260 _aNawabshah
_bQUEST
_c2025
300 _a105
700 _aDepartment of Electrical Engineering
_91037
942 _cTHESIS
999 _c69093
_d69090